Statistics for All-Time Top Premier League Scorers

Click here to take the quiz!

General Stats

  • This quiz has been taken 67 times
    (17 since last reset)
  • The average score is 18 of 20

Answer Stats

NAnswerGoalsClub(s)Nationality% Correct
1Alan Shearer260Blackburn Rovers, Newcastle UnitedEngland
100%
2Harry Kane213Tottenham Hotspurs, NorwichEngland
100%
14Mohamed Salah139Chelsea, LiverpoolEgypt
100%
13Robin van Persie144Arsenal, Manchester UnitedNetherlands
100%
5Sergio Aguero180Manchester CityArgentina
100%
7Thierry Henry175ArsenalFrance
100%
3Wayne Rooney208Everton, Manchester UnitedEnglnad
100%
4Andy Cole187Newcastle United, Manchester United, Blackburn Rovers, Fulham, Manchester City, Portsmouth, SunderlandEngland
92%
6Frank Lampard177West Ham, Chelsea, Manchester CityEngland
92%
15Jamie Vardy136Leicester CityEnglandq
92%
20Romelu Lukaku121Chelsea, West Brom, Everton, Manchester UnitedBelgium
92%
19Dwight Yorke123Aston Villa, Manchester United, Blackburn Rovers, Birmingham City, SunderlandTrinidad and Tobago
85%
10Michael Owen150Liverpool, Newcastle Uunited, Manchester United, Stoke CityEngland
85%
18Nicolas Anelka125Arsenal, Liverpool, Manchester City, Bolton Wanderers, Chelsea, West BromFrance
85%
17Robbie Keane126Coventry City, Leeds United, Tottenham Hotspurs, Liverpool, West Ham, Aston VillaRepublic of Ireland
85%
9Jermain Defoe162West Ham, Tottenham Hotspurs, Portsmouth, Sunderland, BournemouthEngland
77%
8Robbie Fowler163Liverpool, Leeds United, Manchester City, Blackburn RoversEngland
77%
11Les Ferdinand149QPR, Newcastle United, Tottenham Hotspurs, West Ham, Leicester City, Bolton WanderersEngland
69%
12Teddy Sherringham146Nottingham Forest, Tottenham Hotspurs, Manchester United, Portsmout, West HamEngland
69%
16Jimmy Floyd Hasselbaink127Leeds United, Chelsea, Middlesbrough, Charlton AthleticNetherlands
62%

Score Distribution

Percentile by Number Answered

Percent of People with Each Score

Your Score History

You have not taken this quiz since the last reset